Dmitri Shostakóvich: genio y drama
Gespeichert in:
| 1. Verfasser: | |
|---|---|
| Format: | Buch |
| Sprache: | Spanisch |
| Veröffentlicht: |
Ciudad de México
FCE
2013
|
| Ausgabe: | 1a. ed |
| Schriftenreihe: | Arte Universal
|
| Schlagworte: | |
| Tags: |
Tag hinzufügen
Keine Tags, Fügen Sie den ersten Tag hinzu!
|
MARC
| LEADER | 00000cam a2200000 a 4500 | ||
|---|---|---|---|
| 001 | UCC0398 | ||
| 003 | CL-VaPUC | ||
| 008 | 170811e20130000mx |||||||||||||||||spa|d | ||
| 020 | |a 9786071614834 | ||
| 082 | 0 | 4 | |a 780.92 |b PRI |2 21 |
| 100 | 0 | |a Prieto, Carlos |e author |9 594352 | |
| 245 | 1 | 0 | |a Dmitri Shostakóvich: genio y drama |
| 250 | |a 1a. ed | ||
| 300 | |a 332 p | ||
| 942 | |c BK | ||
| 945 | |d 20170811 15:21:00 |a dcastane | ||
| 260 | |a Ciudad de México |b FCE |c 2013 | ||
| 650 | 0 | |a Músicos rusos |9 456891 | |
| 650 | 0 | |a Compositores rusos |9 329355 | |
| 650 | 0 | |a Biografías |9 255210 | |
| 583 | |a last modification |c 20170811 15:21:00 |k Rodrigo Vera | ||
| 490 | 0 | |a Arte Universal | |
| 999 | |c 369249 |d 369247 | ||
| 952 | |0 0 |1 0 |3 erb |4 0 |6 780_920000000000000_PRI_2013 |7 0 |8 ? |9 484891 |a BIBEDU |b BIBEDU |i 5413532 |o 780.92 PRI 2013 |p 5413532 |r 2023-01-12 |w 2019-11-24 |y BK |z Catalogado en:20170811 |k MUS | ||